ნორმალური ფორმატი
MARC ფორმატი
ჩანაწერი Personal Name
ჩანაწერთა რაოდენობა, რომელიც გამოყენებულია: 2
001 - CONTROL NUMBER
- control field: 12736
003 - CONTROL NUMBER IDENTIFIER
- control field: GE_BSU
005 - DATE AND TIME OF LATEST TRANSACTION
- control field: 20211022173000.0
008 - FIXED-LENGTH DATA ELEMENTS
- fixed length control field: 211022|| aca||aabn | a|a d
040 ## - CATALOGING SOURCE
- Original cataloging agency: GE_BSU
- Transcribing agency: GE_BSU
100 ## - HEADING--PERSONAL NAME
- Personal name: MacDonald, Allyson
- Relator term: Editor
670 ## - SOURCE DATA FOUND
- Source citation: Work cat.: (GE_BSU)54251: Lockhart, Josh 12735, Modern PHP :
